000 00276nam a2200121Ia 4500
008 260210s9999 xx 000 0 und d
020 _a9783035624397
100 _aANTON FOLKIES
245 0 _aNONLINEAR URBANISM
260 _bBIRKAHUSER 2021
260 _c2021
942 _cRD
999 _c13951
_d13951